| 000 | 00547nam a22001817a 4500 | ||
|---|---|---|---|
| 999 |
_c16166 _d16166 |
||
| 003 | AR-CdUCM | ||
| 008 | 190427b ||||| |||| 00| 0 spa d | ||
| 040 |
_aMUNICIPALIDAD PROVINCIAL DEL CUSCO _cBIBLIOTECA MUNICIPAL DEL CUSCO |
||
| 082 |
_aEP / 9.1 / _bSI57 |
||
| 110 |
_aUNICEF. _99438 |
||
| 245 |
_aSisicha : _b1°, 2° ñiqikunapaq / |
||
| 260 |
_aLima : _bUnicef, _c2008. |
||
| 300 |
_a65 páginas ; _c27 cm. _bIlustraciones, |
||
| 650 |
_aLectura _92069 |
||
| 650 |
_aLengua quechua _97426 |
||
| 942 |
_2ddc _cLIBROS |
||
| 945 |
_arum1 _d2019-05-02 |
||